[Event "EU-ch U10 27th"]
[Site "Mamaia"]
[Date "2017.09.12"]
[Round "7"]
[White "Boehm, Karl"]
[Black "Dias, Savin"]
[Result "0-1"]
[WhiteElo "1763"]
[BlackElo "1602"]
[PlyCount "96"]
[EventDate "2017.09.05"]
[EventType "swiss"]
[EventRounds "9"]
[EventCountry "ROU"]
[SourceTitle "CBM 180 Extra"]
[Source "ChessBase"]
[SourceDate "2017.10.06"]
[SourceVersion "1"]
[SourceVersionDate "2017.10.06"]
[SourceQuality "1"]

1. e4 c5 2. Nf3 d6 3. d4 cxd4 4. Nxd4 Nf6 5. Nc3 g6 6. Be2 Bg7 7. 0-0 0-0 8. Re1 Nc6 9. Nb3 Be6 10. Bg5 Rc8 11. Bf1 Ne5 12. Nd4 Qb6 13. Na4 Qa5 14. Nxe6 fxe6 15. Nc3 Qb6 16. Rb1 Nfg4 17. Be3 Nxe3 18. Rxe3 Rxf2 19. Kxf2 Bh6 20. Qe2 Ng4+ 21. Kf3 Nxe3 22. Qb5 Rf8+ 23. Ke2 Qxb5+ 24. Nxb5 Rxf1 25. Rxf1 Nxf1 26. Kxf1 a6 27. Nc7 Kf7 28. Ke2 Bg7 29. b3 Bd4 30. Na8 Ke8 31. c3 Bxc3 32. Nb6 Bd4 33. Nc4 Kd7 34. Kd3 Bg1 35. h3 d5 36. Nd2 Bh2 37. Nf3 Bf4 38. Kd4 Kc6 39. g4 g5 40. a3 h6 41. Ne1 e5+ 42. Kd3 d4 43. Nc2 a5 44. a4 b5 45. Na3 bxa4 46. Nc4 Kb5 47. bxa4+ Kxa4 48. Nb6+ Kb3 0-1

[Event "EU-ch U10 27th"]
[Site "Mamaia"]
[Date "2017.09.11"]
[Round "6"]
[White "Dovbnia, Nikita"]
[Black "Boehm, Karl"]
[Result "1/2-1/2"]
[WhiteElo "1616"]
[BlackElo "1763"]
[PlyCount "119"]
[EventDate "2017.09.05"]
[EventType "swiss"]
[EventRounds "9"]
[EventCountry "ROU"]
[SourceTitle "CBM 180 Extra"]
[Source "ChessBase"]
[SourceDate "2017.10.06"]
[SourceVersion "1"]
[SourceVersionDate "2017.10.06"]
[SourceQuality "1"]

1. Nf3 e6 2. d4 d5 3. c4 Nf6 4. Nc3 c6 5. e3 Nbd7 6. Bd3 Be7 7. 0-0 0-0 8. e4 dxe4 9. Nxe4 Qc7 10. b3 e5 11. Bb2 exd4 12. Bxd4 c5 13. Bb2 Nxe4 14. Bxe4 Nf6 15. Bc2 Bg4 16. Qd3 Rad8 17. Qc3 Rfe8 18. Rfe1 Bd6 19. h3 Bxf3 20. Qxf3 Be5 21. Bxe5 Rxe5 22. Rxe5 Qxe5 23. Rd1 Rxd1+ 24. Qxd1 Qe7 25. Qd2 Kf8 26. Qe3 Qxe3 27. fxe3 Ke7 28. Kf2 Kd6 29. Kf3 Ke5 30. Bb1 h6 31. Bc2 Ne8 32. Be4 b6 33. Bd5 f6 34. Bc6 Nd6 35. Bd5 g6 36. Bc6 Nf7 37. Be8 Ng5+ 38. Kf2 Kf5 39. g4+ Ke5 40. Bxg6 Nxh3+ 41. Kg2 Ng5 42. Kf2 Ne4+ 43. Kf3 Nc3 44. a4 a5 45. Bc2 Na2 46. Bb1 Nb4 47. Kg3 Nc6 48. Kf3 Ne7 49. Bc2 f5 50. Bb1 fxg4+ 51. Kxg4 h5+ 52. Kxh5 Nf5 53. Kg4 Nxe3+ 54. Kf3 Kd4 55. Bg6 Nd1 56. Ke2 Nc3+ 57. Kd2 Ne4+ 58. Bxe4 Kxe4 59. Ke2 Kd4 60. Kd2 1/2-1/2

[Event "GER-ch U10"]
[Site "Willingen"]
[Date "2017.06.10"]
[Round "11"]
[White "Boehm, Karl"]
[Black "Costa, Leonardo"]
[Result "0-1"]
[WhiteElo "1327"]
[BlackElo "1686"]
[PlyCount "78"]
[EventDate "2017.06.04"]
[EventType "swiss"]
[EventRounds "11"]
[EventCountry "GER"]
[SourceTitle "CBM 178 Extra"]
[Source "ChessBase"]
[SourceDate "2017.06.22"]
[SourceVersion "1"]
[SourceVersionDate "2017.06.22"]
[SourceQuality "1"]

1. e4 e5 2. Nf3 Nc6 3. d4 exd4 4. Nxd4 Bc5 5. Be3 Qf6 6. c3 Nge7 7. Bc4 d6 8. 0-0 Ng6 9. Nxc6 bxc6 10. Bxc5 dxc5 11. Nd2 0-0 12. Qc2 Nf4 13. Nb3 Bh3 14. Qd2 Bxg2 15. Rfe1 Qg5 16. Re3 Nh3+ 17. Rxh3 Qxd2 18. Nxd2 Bxh3 19. Nb3 Rfd8 20. Nxc5 Rd2 21. Bf1 Bxf1 22. Kxf1 Rxb2 23. Na6 Rd8 24. Nb4 Rdd2 25. Nxc6 Rxf2+ 26. Kg1 Rg2+ 27. Kf1 Rxh2 28. Kg1 Rxa2 29. Rb1 g6 30. Rd1 Rhb2 31. Re1 a5 32. c4 a4 33. Rd1 a3 34. Na5 Rg2+ 35. Kh1 Rab2 36. Nb3 Rgc2 37. Na1 Rd2 38. Re1 a2 39. Rc1 Rb1 0-1

[Event "GER-ch U10"]
[Site "Willingen"]
[Date "2017.06.09"]
[Round "10"]
[White "Boehm, Karl"]
[Black "Haenselmann, Hendrik"]
[Result "1-0"]
[WhiteElo "1327"]
[BlackElo "1320"]
[PlyCount "111"]
[EventDate "2017.06.04"]
[EventType "swiss"]
[EventRounds "11"]
[EventCountry "GER"]
[SourceTitle "CBM 178 Extra"]
[Source "ChessBase"]
[SourceDate "2017.06.22"]
[SourceVersion "1"]
[SourceVersionDate "2017.06.22"]
[SourceQuality "1"]

1. e4 c5 2. Nf3 a6 3. d3 e6 4. Be2 Nc6 5. 0-0 d5 6. exd5 exd5 7. Re1 Nf6 8. Nc3 Be7 9. Bf4 0-0 10. d4 Bg4 11. Ne5 Bxe2 12. Nxc6 Bxd1 13. Nxd8 Raxd8 14. Raxd1 cxd4 15. Rxe7 dxc3 16. Rxb7 cxb2 17. Rxb2 Rfe8 18. Bg5 Rd6 19. Kf1 Ne4 20. Bf4 Rdd8 21. Rb6 Re6 22. Rxd5 Ree8 23. Rxd8 Rxd8 24. Rxa6 g5 25. Be3 Nc3 26. g3 g4 27. Ra5 Rd1+ 28. Kg2 f6 29. h3 gxh3+ 30. Kxh3 Kg7 31. a4 Kg6 32. Ra8 f5 33. a5 Ra1 34. Bd4 Ra3 35. Bxc3 Rxc3 36. a6 Ra3 37. a7 Kg7 38. c4 f4 39. c5 f3 40. c6 Ra1 41. Kh2 Rf1 42. Rg8+ Kxg8 43. a8Q+ Kg7 44. c7 Rc1 45. c8Q Rxc8 46. Qxc8 Kh6 47. Qg8 Kh5 48. Qxh7+ Kg5 49. Qe4 Kh6 50. Qg4 Kh7 51. Qg5 Kh8 52. Kh3 Kh7 53. Kg4 Kh8 54. Kf5 Kh7 55. Kf6 Kh8 56. Qg7# 1-0

[Event "GER-ch U10"]
[Site "Willingen"]
[Date "2017.06.05"]
[Round "4"]
[White "Deuer, Marius"]
[Black "Boehm, Karl"]
[Result "1-0"]
[WhiteElo "1601"]
[BlackElo "1327"]
[PlyCount "127"]
[EventDate "2017.06.04"]
[EventType "swiss"]
[EventRounds "11"]
[EventCountry "GER"]
[SourceTitle "CBM 178 Extra"]
[Source "ChessBase"]
[SourceDate "2017.06.22"]
[SourceVersion "1"]
[SourceVersionDate "2017.06.22"]
[SourceQuality "1"]

1. e4 e5 2. Nf3 Nc6 3. Bb5 d6 4. d4 exd4 5. Nxd4 Bd7 6. Nc3 Nf6 7. 0-0 Be7 8. Re1 0-0 9. Nxc6 bxc6 10. Ba4 d5 11. f3 Re8 12. Be3 Bb4 13. Bd4 c5 14. Bxf6 gxf6 15. Bxd7 Qxd7 16. Nxd5 Qc6 17. c3 Ba5 18. Qd2 Kg7 19. Ne3 c4 20. Nf5+ Kh8 21. Qh6 Qb6+ 22. Kh1 Rg8 23. Re2 Rad8 24. Ne7 Rg7 25. Nd5 Qd6 26. Qxf6 Qxf6 27. Nxf6 Rg6 28. Nd5 Rgd6 29. Ne3 Bb6 30. Nxc4 Rd1+ 31. Re1 Rxe1+ 32. Rxe1 Bf2 33. Rf1 Kg7 34. g3 Bb6 35. Nxb6 cxb6 36. Kg2 Rd2+ 37. Rf2 Rd1 38. Re2 Kf6 39. Kf2 Rh1 40. Ke3 Rd1 41. f4 h5 42. Rd2 Re1+ 43. Kd4 Ke6 44. c4 Rc1 45. b4 Rb1 46. Kc3 Rc1+ 47. Kb3 Rb1+ 48. Ka4 a6 49. c5 bxc5 50. bxc5 Rc1 51. Rd5 Rc2 52. Rxh5 Rxa2+ 53. Kb3 Ra5 54. Re5+ Kd7 55. h4 Kc6 56. h5 Rb5+ 57. Kc4 a5 58. h6 a4 59. h7 Rb8 60. Re7 Ra8 61. Ra7 Rxa7 62. h8Q a3 63. Qf6+ Kd7 64. Qxf7+ 1-0

[Event "GER-ch U10"]
[Site "Willingen"]
[Date "2017.06.04"]
[Round "1"]
[White "Boehm, Karl"]
[Black "Prieb, Robert"]
[Result "0-1"]
[WhiteElo "1327"]
[BlackElo "1697"]
[PlyCount "74"]
[EventDate "2017.06.04"]
[EventType "swiss"]
[EventRounds "11"]
[EventCountry "GER"]
[SourceTitle "CBM 178 Extra"]
[Source "ChessBase"]
[SourceDate "2017.06.22"]
[SourceVersion "1"]
[SourceVersionDate "2017.06.22"]
[SourceQuality "1"]

1. e4 d6 2. d4 Nf6 3. Nc3 c6 4. Be2 e5 5. dxe5 dxe5 6. Qxd8+ Kxd8 7. Nf3 Bd6 8. Be3 h6 9. 0-0-0 Kc7 10. Rxd6 Kxd6 11. Rd1+ Kc7 12. Nxe5 Be6 13. Bf4 Kc8 14. Bc4 Rf8 15. Bxe6+ fxe6 16. Ng6 Re8 17. Ne5 Rd8 18. Rxd8+ Kxd8 19. f3 Nbd7 20. Ng6 Ke8 21. Bd6 Kf7 22. Nf4 e5 23. Nd3 Ke6 24. Ba3 a5 25. Nc5+ Nxc5 26. Bxc5 g5 27. Na4 b5 28. Nb6 Rd8 29. c4 g4 30. a4 b4 31. b3 h5 32. Kc2 h4 33. Bf2 h3 34. gxh3 gxf3 35. c5 Nxe4 36. Be3 Rd2+ 37. Kc1 f2 0-1

[Event "GER-ch U10"]
[Site "Willingen"]
[Date "2016.05.18"]
[Round "7.25"]
[White "Fuhrmann, Bahne"]
[Black "Boehm, Karl"]
[Result "0-1"]
[WhiteElo "1034"]
[BlackElo "1341"]
[PlyCount "78"]
[EventDate "2016.05.15"]
[EventType "swiss"]
[EventRounds "11"]
[EventCountry "GER"]
[SourceTitle "CBM 172 Extra"]
[Source "ChessBase"]
[SourceDate "2016.06.21"]
[SourceVersion "1"]
[SourceVersionDate "2016.06.21"]
[SourceQuality "1"]

1. e4 d5 2. exd5 Nf6 3. Bc4 Nxd5 4. Qh5 c6 5. Nc3 g6 6. Qf3 e6 7. d3 Nxc3 8. bxc3 Bg7 9. Ne2 0-0 10. Ba3 Re8 11. 0-0 Nd7 12. Rab1 Ne5 13. Qf4 b6 14. Bb3 c5 15. d4 cxd4 16. cxd4 Nc6 17. c3 Qd7 18. Qf3 Ba6 19. Rfd1 Na5 20. Bc2 Nc4 21. Be4 Nxa3 22. Bxa8 Nxb1 23. Bc6 Bxe2 24. Rxb1 Bxf3 25. Bxd7 Be4 26. Re1 Rd8 27. Bxe6 fxe6 28. Rxe4 Kf7 29. g4 Rc8 30. Rf4+ Ke7 31. Rf3 Bh6 32. Rd3 Bc1 33. Kf1 Bb2 34. Rd2 Bxc3 35. Rd3 Rc4 36. Re3 Bxd4 37. Re4 Rc1+ 38. Ke2 Bc5 39. Ra4 a5 0-1

[Event "GER-ch U10"]
[Site "Willingen"]
[Date "2016.05.15"]
[Round "1.28"]
[White "Boehm, Karl"]
[Black "Mueller, Maximilian3333"]
[Result "0-1"]
[WhiteElo "1341"]
[BlackElo "784"]
[PlyCount "102"]
[EventDate "2016.05.15"]
[EventType "swiss"]
[EventRounds "11"]
[EventCountry "GER"]
[SourceTitle "CBM 172 Extra"]
[Source "ChessBase"]
[SourceDate "2016.06.21"]
[SourceVersion "1"]
[SourceVersionDate "2016.06.21"]
[SourceQuality "1"]

1. e4 e5 2. Nf3 Nc6 3. d4 d6 4. Bb5 Nf6 5. d5 a6 6. Ba4 b5 7. Bb3 Nd4 8. Nxd4 exd4 9. Qxd4 Bg4 10. Bg5 c5 11. dxc6 Qc7 12. Bxf6 gxf6 13. Qxf6 Rg8 14. Nc3 Bg7 15. Qh4 Bxc3+ 16. bxc3 Qxc6 17. 0-0 Bf3 18. Bxf7+ Kxf7 19. Qf4+ Ke8 20. Qxf3 Ra7 21. Qh5+ Kd8 22. Qd5 Qxd5 23. exd5 Rag7 24. g3 Rg5 25. Rab1 Rxd5 26. c4 Rd4 27. cxb5 axb5 28. Rxb5 Rgg4 29. f3 Rg6 30. Rb7 Rg5 31. Rxh7 Rd2 32. Rb1 Kc8 33. Re1 Kd8 34. f4 Rgd5 35. a4 Rxc2 36. Rg7 Ra2 37. Rb1 Kc8 38. Rg5 Rdd2 39. Rgb5 Rg2+ 40. Kf1 Rgf2+ 41. Ke1 Kd7 42. Rb7+ Ke6 43. a5 Rxh2 44. f5+ Kxf5 45. Rf7+ Kg4 46. Rb4+ Kxg3 47. Rg7+ Kf3 48. Rf7+ Kg3 49. Rb3+ Kg4 50. Rg7+ Kf5 51. Rf3+ Ke4 0-1